00400nam a2200145Ia 4500003000400000005001700004008004100021040000900062082001500071100001800086245005200104260005700156300000900213650003200222OSt20201028123902.0190216s9999||||xx |||||||||||||| ||und|| coclc a823bGOD/R aGodden, Rumer 0aReader's Digest Condensed Books /cRumer Godden bGreat Britain By Petty And Sons Ltd,c1976.aLondon: a542p aEnglish Novel-English Novel